Minerals of Pennsylvania, (Record no. 25470)

MARC details
000 -LEADER
fixed length control field 00836cam a22002411 4500
001 - CONTROL NUMBER
control field gs 15000098
003 - CONTROL NUMBER IDENTIFIER
control field DLC
005 - DATE AND TIME OF LATEST TRANSACTION
control field 20260227111317.0
008 - FIXED-LENGTH DATA ELEMENTS--GENERAL INFORMATION
fixed length control field 790417s1913 paubf s001 0 eng c
010 ## - LIBRARY OF CONGRESS CONTROL NUMBER
LC control number gs 15000098
035 ## - SYSTEM CONTROL NUMBER
System control number (OCoLC)4865669
040 ## - CATALOGING SOURCE
Original cataloging agency U.S. Geol. Survey. Library
Transcribing agency NcRS
Modifying agency NcRS
-- DLC
042 ## - AUTHENTICATION CODE
Authentication code premarc
043 ## - GEOGRAPHIC AREA CODE
Geographic area code n-us-pa
050 00 - LIBRARY OF CONGRESS CALL NUMBER
Classification number GA61.P4
Item number A5 no. 9
100 1# - MAIN ENTRY--PERSONAL NAME
Personal name Brown, Amos P.
Fuller form of name (Amos Peaslee),
Dates associated with a name 1864-1917.
245 10 - TITLE STATEMENT
Title Minerals of Pennsylvania,
Statement of responsibility, etc. by Amos P. Brown and Frederick Ehrenfeld.
260 ## - PUBLICATION, DISTRIBUTION, ETC.
Place of publication, distribution, etc. Harrisburg, Pa.,
Name of publisher, distributor, etc. W. S. Ray,
Date of publication, distribution, etc. 1913.
300 ## - PHYSICAL DESCRIPTION
Extent 160 p.
Other physical details plates, maps (part fold.)
Dimensions 24 cm.
490 0# - SERIES STATEMENT
Series statement Pennsylvania. Topographic and Geologic Survey. Report
Volume/sequential designation no. 9
650 #0 - SUBJECT ADDED ENTRY--TOPICAL TERM
Topical term or geographic name entry element Mines and mineral resources
Geographic subdivision Pennsylvania.
700 1# - ADDED ENTRY--PERSONAL NAME
Personal name Ehrenfeld, Frederick,
Dates associated with a name 1872-1940,
Relator term joint author.

No items available.

Powered by Koha